Disney Movies By Rotten Tomatoes Tomatometer Score - Statistics

General Stats
  • This quiz has been taken 18 times
    13 since last reset
  • The average score is 33 of 119
Answer Stats
Score Answer Year Relesed % Correct
89% Frozen 2013
100%
96% Aladdin 1992
75%
91% Bambi 1942
75%
95% Beauty and the Beast 1991
75%
95% Dumbo 1941
75%
77% Frozen II 2019
75%
91% Lady and the Tramp 1955
75%
90% Sleeping Beauty 1959
75%
97% Snow White and the Seven Dwarves 1937
75%
89% Tangled 2010
75%
92% The Lion King 1994
75%
92% The Little Mermaid 1989
75%
86% The Princess and the Frog 2009
75%
98% Zootopia 2016
75%
92% Zootopia 2 2025
75%
84% Alice in Wonderland 1951
50%
90% Big Hero 6 2014
50%
90% Bolt 2008
50%
95% Cinderella 1950
50%
92% Encanto 2021
50%
95% Fantasia 1940
50%
83% Hercules 1997
50%
58% Make Mine Music 1946
50%
69% Melody Time 1948
50%
95% Moana 2016
50%
0% Mulan II 2005
50%
98% One Hundred and One Dalmatians 1961
50%
78% Peter Pan 1953
50%
58% Pocahontas 1995
50%
93% Raya and the Last Dragon 2021
50%
82% Saludos Amigos 1943
50%
72% Strange World 2022
50%
90% Tarzan 1999
50%
89% The Adventures of Ichabod and Mr. Toad 1949
50%
56% The Black Cauldron 1985
50%
86% The Emperor's New Groove 2000
50%
75% The Fox and the Hound 1981
50%
80% The Hunchback of Notre Dame 1996
50%
88% The Jungle Book 1967
50%
100% The Many Adventures of Winnie the Pooh 1977
50%
85% The Rescuers Down Under 1990
50%
85% The Three Caballeros 1945
50%
90% Tinker Bell 2008
50%
100% Tinker Bell and the Lost Treasure 2009
50%
87% Wreck-It Ralph 2012
50%
50% Brother Bear 2 2006
25%
65% Dinosaur 2000
25%
80% Fantasia 2000 1999
25%
73% Fun and Fancy Free 1947
25%
0% Kronk's New Groove 2005
25%
68% Meet the Robinsons 2007
25%
60% Moana 2 2024
25%
91% Mulan 1998
25%
100% Pinnochio 1940
25%
88% Ralph Breaks the Internet 2018
25%
58% Robin Hood 1973
25%
62% Secret of the Wings 2012
25%
64% The Aristocats 1970
25%
78% The Great Mouse Detective 1986
25%
33% The Little Mermaid: Ariel's Beginning 2008
25%
20% The Little Mermaid II: Return to the Sea 2000
25%
95% The Nightmare Before Christmas 1993
25%
81% The Pirate Fairy 2014
25%
79% The Rescuers 1977
25%
65% The Sword in the Stone 1963
25%
70% Tinker Bell and the Great Fairy Rescue 2010
25%
75% Tinker Bell and the Legend of the NeverBeast 2015
25%
68% Treasure Planet 2002
25%
48% Wish 2023
25%
67% 101 Dalmatians II: Patch's London Adventure 2003
0%
64% A Goofy Movie 1995
0%
33% Aladdin and the King of Thieves 1996
0%
63% An Extremely Goofy Movie 2000
0%
24% Atlantis: Milo's Return 2003
0%
48% Atlantis: The Lost Empire 2001
0%
44% Bambi II 2006
0%
17% Beauty and the Beast: Belle's Magical World 1998
0%
11% Beauty and the Beast: The Enchanted Christmas 1997
0%
38% Brother Bear 2003
0%
36% Chicken Little 2005
0%
13% Cinderella II: Dreams Come True 2002
0%
75% Cinderella III: A Twist in Time 2007
0%
52% Disney Princess Enchanted Tales: Follow Your Dreams 2007
0%
52% Disney's A Christmas Carol 2009
0%
66% DuckTales the Movie: Treasure of the Lost Lamp 1990
0%
87% Frankenweenie 2012
0%
51% Home on the Range 2004
0%
45% Lady and the Tramp II: Scamp's Adventure 2001
0%
43% Leroy & Stitch 2006
0%
86% Lilo & Stitch 2002
0%
42% Lilo & Stitch 2: Stitch Has a Glitch 2005
0%
34% Mars Needs Moms 2011
0%
42% Mickey, Donald, Goofy: The Three Musketeers 2004
0%
53% Mickey's House of Villains 2002
0%
62% Mickey's Magical Christmas: Snowed in at the House of Mouse 2001
0%
50% Mickey's Once Upon a Christmas 1999
0%
61% Mickey's Twice Upon a Christmas 2004
0%
52% Oliver & Company 1988
0%
71% Piglet's Big Movie 2003
0%
29% Pocahontas II: Journey to a New World 1998
0%
38% Pooh's Grand Adventure: The Search for Christopher Robin 1997
0%
58% Pooh's Heffalump Halloween Movie 2005
0%
80% Pooh's Heffalump Movie 2005
0%
46% Return to Never Land 2002
0%
20% Stitch! The Movie 2003
0%
33% Tarzan II 2005
0%
20% Tarzan & Jane 2002
0%
20% The Fox and the Hound 2 2006
0%
22% The Hunchback of Notre Dame II 2002
0%
19% The Jungle Book 2 2003
0%
76% The Lion King 1½ 2004
0%
67% The Lion King II: Simba's Pride 1998
0%
33% The Return of Jafar 1994
0%
64% The Tigger Movie 2000
0%
18% The Wild 2006
0%
90% Winnie the Pooh 2011
0%
71% Winnie the Pooh: A Very Merry Pooh Year 2002
0%
67% Winnie the Pooh: Seasons of Giving 1999
0%
64% Winnie the Pooh: Springtime with Roo 2004
0%
No matching quizzes found
Score Distribution
Percent of People with Each Score
Percentile by Number Answered
Your Score History
You have not taken this quiz since the last reset